[Event "Blagny op 07th"]
[Site "Blagny"]
[Date "2016.03.??"]
[Round "4.1"]
[White "Durant, Christophe"]
[Black "Salentiny, Eric"]
[Result "1/2-1/2"]
[WhiteElo "1964"]
[BlackElo "1956"]
[PlyCount "110"]
[EventDate "2016.03.26"]
[EventType "swiss"]
[EventRounds "6"]
[EventCountry "FRA"]
[SourceTitle "EXT 2024"]
[Source "ChessBase"]
[SourceDate "2023.10.10"]
[SourceVersion "1"]
[SourceVersionDate "2023.10.10"]
[SourceQuality "1"]

1. d4 d5 2. Nf3 Nf6 3. Bf4 Bg4 4. Ne5 Bd7 5. e3 Nc6 6. Be2 e6 7. Nd2 Nxe5 8. Bxe5 Bd6 9. Bxd6 cxd6 10. 0-0 0-0 11. c4 dxc4 12. Bxc4 Bc6 13. Qe2 e5 14. dxe5 dxe5 15. Rfd1 Qc8 16. Rac1 Qf5 17. Nf1 Qg5 18. Ng3 h5 19. Bb5 h4 20. Bxc6 hxg3 21. Bxb7 Rab8 22. Rc7 gxh2+ 23. Kh1 g6 24. b3 Kg7 25. Ba6 Rbd8 26. Bc4 Rxd1+ 27. Qxd1 Ne4 28. Qf3 Nd6 29. Rxa7 e4 30. Qf4 Qc5 31. Ra6 Nxc4 32. Qf6+ Kh7 33. bxc4 Qxc4 34. Kxh2 Rh8 35. Kg3 Qc7+ 36. Qd6 Qc8 37. Ra7 Kg7 38. Qe7 Qf5 39. Qd7 Qe5+ 40. Kg4 Qh5+ 41. Kf4 Qh2+ 42. Kxe4 Qxg2+ 43. Kd3 Qxf2 44. Qd4+ Kh7 45. Qd7 Rf8 46. a4 Qf1+ 47. Kd2 Qf6 48. Ke2 g5 49. Qd4 Qe6 50. Qd3+ Kg7 51. Qd4+ Kh6 52. a5 f6 53. Qd7 Qxd7 54. Rxd7 Ra8 55. Rd6 Rxa5 1/2-1/2

[Event "Luxembourg-chT 1415"]
[Site "Luxembourg"]
[Date "2015.02.01"]
[Round "7"]
[White "Salentiny, Eric"]
[Black "Bakalarz, Mietek"]
[Result "1/2-1/2"]
[WhiteElo "1967"]
[BlackElo "2350"]
[PlyCount "88"]
[EventDate "2014.10.05"]
[EventType "team-tourn"]
[EventRounds "10"]
[EventCountry "LUX"]
[SourceTitle "EXT 2017"]
[Source "ChessBase"]
[SourceDate "2016.10.25"]
[SourceVersion "1"]
[SourceVersionDate "2016.10.25"]
[SourceQuality "1"]

1. e4 e5 2. Nf3 Nf6 3. Nxe5 d6 4. Nf3 Nxe4 5. d4 d5 6. Bf4 Bd6 7. Bxd6 Qxd6 8. c3 0-0 9. Bd3 Bg4 10. h3 Bh5 11. 0-0 Nd7 12. Be2 Rae8 13. Nbd2 f5 14. Nxe4 fxe4 15. Nh2 Bg6 16. Ng4 c6 17. Rc1 Kh8 18. Ne3 Rf7 19. c4 dxc4 20. Bxc4 Rff8 21. d5 c5 22. Bb5 Rd8 23. Nc4 Qf6 24. Bxd7 Rxd7 25. Qa4 Rxd5 26. Qxa7 Qe7 27. Rcd1 Rd3 28. Rfe1 Qg5 29. Ne5 Rxd1 30. Nxg6+ hxg6 31. Rxd1 e3 32. fxe3 Qxe3+ 33. Kh2 b5 34. Qc7 Kh7 35. Qg3 Qe4 36. b3 c4 37. Rc1 Rf6 38. bxc4 bxc4 39. Rc3 Qd4 40. Qe3 Qxe3 41. Rxe3 Rc6 42. Rc3 g5 43. a4 Kg6 44. a5 Kf5 1/2-1/2

[Event "Luxembourg-chT 1415"]
[Site "Luxembourg"]
[Date "2014.10.19"]
[Round "2"]
[White "Aghabekian, Liana"]
[Black "Salentiny, Eric"]
[Result "1-0"]
[WhiteElo "2174"]
[BlackElo "1967"]
[PlyCount "95"]
[EventDate "2014.10.05"]
[EventType "team-tourn"]
[EventRounds "10"]
[EventCountry "LUX"]
[SourceTitle "EXT 2017"]
[Source "ChessBase"]
[SourceDate "2016.10.25"]
[SourceVersion "1"]
[SourceVersionDate "2016.10.25"]
[SourceQuality "1"]

1. e4 d5 2. exd5 Qxd5 3. Nc3 Qd6 4. d4 Nf6 5. Nge2 c6 6. Bf4 Qd8 7. Qd2 Bf5 8. Ng3 Bg6 9. 0-0-0 e6 10. h4 h6 11. Bd3 Bxd3 12. Qxd3 Bd6 13. Be5 Bxe5 14. dxe5 Qxd3 15. Rxd3 Ng4 16. Re1 Nxf2 17. Rd4 h5 18. Rf4 Ng4 19. Nce4 Nxe5 20. Nd6+ Ke7 21. Ndf5+ Kf8 22. Rxe5 Nd7 23. Re1 exf5 24. Nxf5 Nf6 25. c4 Re8 26. Ref1 Re4 27. Rxe4 Nxe4 28. Rd1 Nf6 29. Rd8+ Ne8 30. Rb8 b6 31. Ra8 g6 32. Nd4 Kg7 33. Rxa7 Nd6 34. b3 c5 35. Ne6+ Kh6 36. Rd7 Nxc4 37. Rxf7 Ne3 38. Ng5 Nxg2 39. Rf2 Nxh4 40. Nf7+ Kg7 41. Nxh8 Kxh8 42. Rf6 Kg7 43. Rxb6 Ng2 44. Kd2 h4 45. Ke2 h3 46. Kf2 Nf4 47. Kg3 Kh6 48. a4 1-0

[Event "Luxembourg-chT 1213"]
[Site "Luxembourg"]
[Date "2012.10.??"]
[Round "1"]
[White "Azorit, Louis"]
[Black "Salentiny, Eric"]
[Result "0-1"]
[WhiteElo "1969"]
[BlackElo "1967"]
[PlyCount "80"]
[EventDate "2012.10.??"]
[EventType "team-tourn"]
[EventRounds "10"]
[EventCountry "LUX"]
[SourceTitle "EXT 2017"]
[Source "ChessBase"]
[SourceDate "2016.10.25"]
[SourceVersion "1"]
[SourceVersionDate "2016.10.25"]
[SourceQuality "1"]

1. e4 d5 2. e5 Bf5 3. d4 e6 4. Bd3 Bg6 5. Bxg6 hxg6 6. Nf3 c5 7. c3 Nc6 8. Be3 Qb6 9. Qb3 c4 10. Qc2 Qa5 11. Nbd2 b5 12. b4 Bxb4 13. cxb4 Nxb4 14. Qb1 Nd3+ 15. Ke2 Ne7 16. Ne1 Nxe1 17. Qxe1 Qc3 18. Qb1 Qa5 19. Nf3 Kd7 20. a3 Nc6 21. Rc1 Qb6 22. Kf1 a5 23. Qb2 b4 24. Kg1 Rab8 25. h3 Rhc8 26. axb4 axb4 27. Rxc4 dxc4 28. d5 c3 29. Qb3 Na5 30. dxe6+ Qxe6 31. Qd1+ Ke8 32. Rxa5 c2 33. Qa1 Qc6 34. Bc1 b3 35. Nd4 Qc3 36. Qa4+ Kf8 37. Ba3+ Kg8 38. e6 c1Q+ 39. Bxc1 Qxc1+ 40. Kh2 Qf4+ 0-1

[Event "Blagny op 3rd"]
[Site "Blagny"]
[Date "2011.04.27"]
[Round "5"]
[White "Delmont, Jean Robert"]
[Black "Salentiny, Eric"]
[Result "0-1"]
[WhiteElo "1971"]
[BlackElo "1917"]
[PlyCount "48"]
[EventDate "2011.04.23"]
[EventType "swiss"]
[EventRounds "6"]
[EventCountry "FRA"]
[SourceTitle "CBM 142 Extra"]
[Source "ChessBase"]
[SourceDate "2011.06.27"]
[SourceVersion "1"]
[SourceVersionDate "2011.06.27"]
[SourceQuality "1"]

1. d4 Nf6 2. c4 e6 3. Nc3 c5 4. d5 exd5 5. cxd5 d6 6. e4 a6 7. a4 Bg4 8. f3 Bh5 9. Bd3 Nbd7 10. Nge2 Ne5 11. 0-0 g5 12. g4 Nfxg4 13. fxg4 Bxg4 14. Qc2 c4 15. Bxc4 Qb6+ 16. Kh1 Nxc4 17. Ng3 Ne5 18. a5 Qc5 19. Qa4+ Bd7 20. Qb3 Bh3 21. Qxb7 Rc8 22. Na4 Qc2 23. Rg1 Nf3 24. Be3 Qxh2# 0-1

[Event "Boeblingen op 26th"]
[Site "Boeblingen"]
[Date "2009.12.28"]
[Round "4"]
[White "Arman, Deniz"]
[Black "Salentiny, Eric"]
[Result "1-0"]
[WhiteElo "2222"]
[BlackElo "1860"]
[PlyCount "45"]
[EventDate "2009.12.26"]
[EventType "swiss"]
[EventRounds "9"]
[EventCountry "GER"]
[SourceTitle "CBM 134 Extra"]
[Source "ChessBase"]
[SourceDate "2010.03.03"]
[SourceVersion "1"]
[SourceVersionDate "2010.03.03"]
[SourceQuality "1"]

1. e4 b6 2. d4 Bb7 3. Nd2 e6 4. Ngf3 Ne7 5. Bd3 d5 6. c3 Ng6 7. g3 Be7 8. h4 h6 9. Qe2 Nd7 10. 0-0 c6 11. Re1 Qc7 12. exd5 cxd5 13. Bxg6 fxg6 14. Qxe6 Nf6 15. Ne5 Rf8 16. Nxg6 Rf7 17. b3 Bc8 18. Qe5 Qxe5 19. Nxe5 Rf8 20. Ng6 Rf7 21. Ba3 Ne4 22. Nxe4 dxe4 23. Rxe4 1-0

[Event "Kaupthing op-B 1st"]
[Site "Differdange"]
[Date "2007.07.08"]
[Round "3"]
[White "Weller, Werner"]
[Black "Salentiny, Eric"]
[Result "1-0"]
[WhiteElo "1967"]
[BlackElo "1708"]
[PlyCount "91"]
[EventDate "2007.07.08"]
[EventType "swiss"]
[EventRounds "9"]
[EventCountry "LUX"]
[SourceTitle "EXT 2008"]
[Source "ChessBase"]
[SourceDate "2007.11.25"]
[SourceVersion "1"]
[SourceVersionDate "2007.11.25"]
[SourceQuality "1"]

1. d4 d5 2. Nf3 Bf5 3. g3 h6 4. Bg2 Nf6 5. 0-0 e6 6. Nbd2 Be7 7. Ne5 Nbd7 8. c4 c6 9. Qb3 Rb8 10. Ndf3 dxc4 11. Nxc4 0-0 12. Bf4 b5 13. Ne3 Rc8 14. Nxf5 exf5 15. Rac1 Nd5 16. Bd2 Bf6 17. Qd3 Ne7 18. Bb4 g6 19. Qa3 Ra8 20. Bd2 Bg7 21. Rfd1 a5 22. Qd3 Re8 23. Ne1 Qb6 24. e3 Rad8 25. Qb3 Nf6 26. Nd3 Ne4 27. Be1 Nd5 28. Nc5 h5 29. a3 Bf6 30. Rc2 Kg7 31. Rdc1 Ne7 32. Nxe4 fxe4 33. Bxe4 Rd6 34. Bg2 h4 35. Rc5 hxg3 36. hxg3 Re6 37. Qc2 Bxd4 38. exd4 Nd5 39. Kf1 Rf6 40. Bxd5 cxd5 41. Rc6 Qd8 42. Rxf6 Kxf6 43. Qc7 Qa8 44. Qxa5 Qb8 45. Qc7 Qa8 46. Qc6+ 1-0